| 000 | 00492nam a2200181Ia 4500 | ||
|---|---|---|---|
| 001 | 3960 | ||
| 005 | 20260306145721.0 | ||
| 008 | 260306t2005||||xx |||||||||||||| ||spa|| | ||
| 041 | _aESP | ||
| 082 |
_a305.8985 _bG22 |
||
| 100 |
_aGarcía, María Elena _eAUT |
||
| 245 | 0 |
_aMaking indigenous citizens: _bidentities, education, and multicultural development in Peru |
|
| 260 | _c2005 | ||
| 300 |
_axi, 213 páginas : _c23 cm. |
||
| 650 | _aGEN | ||
| 654 | _aCHU | ||
| 942 |
_cLIB _dJUS _fJUS _2ddc _n |
||
| 999 |
_c3960 _d3960 |
||